[Event "London Central op U1750"]
[Site "London"]
[Date "2022.04.23"]
[Round "3"]
[White "Denney, Simon C"]
[Black "Folonier, Matias"]
[Result "1/2-1/2"]
[WhiteElo "1472"]
[BlackElo "1611"]
[PlyCount "51"]
[EventDate "2022.04.22"]
[EventType "swiss"]
[EventRounds "5"]
[EventCountry "ENG"]
[SourceTitle "EXT 2024"]
[Source "ChessBase"]
[SourceDate "2023.10.10"]
[SourceVersion "1"]
[SourceVersionDate "2023.10.10"]
[SourceQuality "1"]

1. e4 c5 2. b4 cxb4 3. a3 b3 4. cxb3 d6 5. Nc3 Nc6 6. d4 e5 7. dxe5 dxe5 8. Qxd8+ Kxd8 9. Bc4 Nd4 10. Ra2 Be6 11. Bxe6 fxe6 12. b4 Rc8 13. Bg5+ Be7 14. Bxe7+ Nxe7 15. Nge2 Nec6 16. 0-0 Nxe2+ 17. Nxe2 Ke7 18. Rd1 Rhd8 19. Rad2 Rxd2 20. Rxd2 Rd8 21. Rxd8 Kxd8 22. Nc3 Nd4 23. Na4 Ke7 24. Nc5 Nc2 25. Nxb7 Nxa3 26. Nc5 1/2-1/2

[Event "Hampstead op U2200 02"]
[Site "Hampstead"]
[Date "2013.02.17"]
[Round "4"]
[White "Price, Andrew"]
[Black "Denney, Simon C"]
[Result "1-0"]
[WhiteElo "1874"]
[BlackElo "1674"]
[PlyCount "67"]
[EventDate "2013.02.16"]
[EventType "swiss"]
[EventRounds "5"]
[EventCountry "ENG"]
[SourceTitle "EXT 2014"]
[Source "ChessBase"]
[SourceDate "2013.11.20"]
[SourceVersion "1"]
[SourceVersionDate "2013.11.20"]
[SourceQuality "1"]

1. Nf3 f5 2. d4 e6 3. Bg5 Nf6 4. Nbd2 h6 5. Bxf6 Qxf6 6. e4 f4 7. Bd3 b6 8. e5 Qe7 9. Bg6+ Kd8 10. c3 Bb7 11. Qc2 Na6 12. Be4 Bxe4 13. Qxe4 Rb8 14. Qd3 b5 15. a4 Nb4 16. cxb4 Qxb4 17. axb5 Rxb5 18. 0-0 a5 19. Rfc1 g5 20. Qg6 Qe7 21. Nc4 Qg7 22. Qxg7 Bxg7 23. Rxa5 Rxa5 24. Nxa5 Rg8 25. Rc4 g4 26. Nd2 f3 27. g3 c6 28. Ne4 Ke7 29. b4 Ra8 30. Kf1 Ra6 31. Ke1 Rb6 32. Kd2 h5 33. Kd3 Bh6 34. Nf6 1-0